Bankayı portakal gibi sattım (Record no. 2209)

MARC details
000 -BAŞLIK
Sabit Uzunlukta Kontrol Alanı 00768na a2200265 4500
001 - KONTROL NUMARASI
Denetim Alanı 14113
003 - KONTROL NUMARASI IDENTIFIER
Denetim Alanı MIRAKIL
005 - SON İŞLEM TARİHİ VE ZAMANI
Denetim Alanı 20181213154849.0
008 - SABİT-BOY VERİ ELEMANLARI - GENEL BİLGİLER
Sabit Uzunlukta Kontrol Alanı 161102b tu 000 0
020 ## - ULUSLARARASI STANDART KİTAP NUMARASI
Uluslararası Standart Kitap Numarası 9757115983
035 ## - SİSTEM KONTROL NUMARASI
Sistem Kontrol Numarası 14113
040 ## - KATALOGLAMA KAYNAK
Orijinal Kataloglama Ajansı Milas
Kataloglama Dili tur
Metne Dönüştürmek Ajansı TR-AnCHP
082 ## - DEWEY ONLU SINIFLANDIRMA NUMARASI
Sınıflandırma Numarası 923.8 Taşçı,S.
Ürün Numarası T27b 2001
090 ## - SINIFLAMA NUMARASI
Sınıflama Numarası 923.8 Taşçı,S. T27b 2001
100 ## - ANA GİRİŞ - KİŞİSEL İSİM
Kişisel Ad Taşçı, Salim
245 ## - BAŞLIK TABLOSU
Başlık Bankayı portakal gibi sattım
Sorumluluk Tablosu, Vb Salim Taşçı
260 ## - YAYIN, DAĞITIM, VB
Yayın, Dağıtım, Vb Yeri Ankara
Yayıncı, Dağıtıcı, Vs Adı Ümit Yayıncılık
Yayın, Dağıtım, Vb Tarihi 2001
300 ## - FİZİKSEL TANIM
Kapsam 287 s.
Boyutlar 20 sm.
490 ## - SERİSİ TABLOSU
Seri Beyanı Ufuk dizisi
Hacim / Ardışık Tanımı 118
500 ## - GENEL NOT
Genel Not Dış kapakta adı: Ünlü emlakçının anıları
600 ## - KONU KATMA GİRİŞ - KURUMSAL ADI
Kişisel Ad Taşçı, Salim
Genel Alt Bölümü Anılar
650 ## - KONU KATMA GİRİŞ - TOPİKAL DÖNEM
Topikal Süreli Veya Coğrafi Ad Giriş Elemanı Emlakçılar
Genel Alt Bölümü Anılar
650 ## - KONU KATMA GİRİŞ - TOPİKAL DÖNEM
Topikal Süreli Veya Coğrafi Ad Giriş Elemanı Emlakçılık
Genel Alt Bölümü Anılar
942 ## - EKLENDİ GİRİŞ ELEMANLARI (KOHA)
Sınıflandırma Veya Raf Düzeni Kaynak Dewey Decimal Classification
Koha Öğesi Türü Books
999 ## - SİSTEM KONTROL NUMARALARI (KOHA)
Koha Biblionumber 2209
Koha Biblioitemnumber 2209
Holdings
Kalıcı Konum Mevcut Konum Edinme Tarihi Edinim Kaynak Toplam Check-Out'Lar Tam Çağrı Numarası Barkod Tarih Son Görülme İtibaren Geçerli Fiyatlar Koha Öğesi Türü
CHP Kütüphanesi CHP Kütüphanesi 08/24/2016 Bağış   923.8 Taşçı,S. T27b 2001 001938 08/24/2016 08/24/2016 Books